A Hole in her pocket and other stories

Bibliographic Details
Main Author: Blyton, Enid
Other Authors: Gregory, Sally
Format: Book
Published: London : Award Publications , 2003
Subjects:

MARC

LEADER 00000cam a2200000 7i4500
001 0000008570
002 000009340
005 20031201.0
020 |a 0861631811 
090 0 0 |a JF   |b BLY 
100 1 |a Blyton, Enid 
245 1 2 |a A Hole in her pocket and other stories   |c Enid Blyton ; illustrated by Sally Gregory 
260 |a London :   |b Award Publications ,   |c 2003 
300 |a 191p. :   |b ill. ;   |c 19cm. 
650 0 0 |a Children's stories 
700 1 |a Gregory, Sally 
999 |a 00160174   |b BUKU   |c PINJAMAN   |e PERPUSTAKAAN KOMUNITI PETALING JAYA 
999 |a 00160176   |b BUKU   |c PINJAMAN   |e PERPUSTAKAAN KOMUNITI PETALING JAYA 
999 |a 041276   |b BUKU   |c PINJAMAN   |e PERPUSTAKAAN KOMUNITI PETALING JAYA 
999 |a 041277   |b BUKU   |c PINJAMAN   |e PERPUSTAKAAN KOMUNITI PETALING JAYA 
999 |a 041278   |b BUKU   |c PINJAMAN   |e PERPUSTAKAAN KOMUNITI PETALING JAYA 
999 |a 045101   |b BUKU   |c PINJAMAN   |e PERPUSTAKAAN KOMUNITI PETALING JAYA 
999 |a 045103   |b BUKU   |c PINJAMAN   |e PERPUSTAKAAN KOMUNITI PETALING JAYA